000
00187 a2200097 4500
020
_a
9781602392335
041
_a
eng
100
_a
third edition
245
_a
Back to Basics
942
_c
BK
999
_c
30055
_d
30053